Využitie obsahového marketingu, ako efektívneho marketingového nástroja v podnikaní na internete bakalárska práca

Na minha lista:
Detalhes bibliográficos
Autor principal: Voloshchuk, Elmira
Autor Corporativo: Fakulta hospodárskej informatiky EU. Katedra aplikovanej informatiky
Outros Autores: Szivósová, Mária, 1958-
Formato: Livro
Idioma:eslovaco
Publicado em: Bratislava 2023
Tags: Adicionar Tag
Sem tags, seja o primeiro a adicionar uma tag!

MARC

LEADER 00000nbm a2200000 4500
001 0294983
005 20240223134218.2
041 0 |a slo 
044 |a SK 
245 1 0 |a Využitie obsahového marketingu, ako efektívneho marketingového nástroja v podnikaní na internete  |b bakalárska práca  |c Elmira Voloshchuk ; školiteľ: Mária Szivósová 
264 1 |a Bratislava  |c 2023 
300 |a 49 s. 
100 1 |a Voloshchuk, Elmira 
700 1 |a Szivósová, Mária, 1958- 
710 2 |a Fakulta hospodárskej informatiky EU. Katedra aplikovanej informatiky